La simonía en los pasados siglos. Doctrinas de la Santa Escritura, de los cánones de la iglesia... contra la simonía

Detalles Bibliográficos
Formato: Libro
Publicado: Lagos de Moreno 1900
Materias:
Colección:Banco de datos
Acervo:Biblioteca Nacional de Antropología e Historia. Fondo Conventual
Tema general:Apologética
Notas:Regular.. Sello de la Biblioteca del Museo Nacional. Encuadernada con catorce obras diferentes. II,5,16
LEADER 00812nam a22001810004500
035 |a 15420 
036 |a 2966 
245 1 0 |a La simonía en los pasados siglos. Doctrinas de la Santa Escritura, de los cánones de la iglesia... contra la simonía  |c Comp.Agustín Rivera 
260 |a Lagos de Moreno  |b López Arce e hijos  |c 1900 
500 |a Regular.. Sello de la Biblioteca del Museo Nacional. Encuadernada con catorce obras diferentes. II,5,16 
650 1 0 |a Apologética 
949 |a B.N.A.H. 
959 |a Biblioteca Nacional de Antropología e Historia. Ciudad de México  |b CCC1 
960 |a Colección General de B.N.A.H. de la ciudad de México  |b DD58 
961 |a Varias Ordenes Religiosas  |b VO 
942 |c B.N.A.H. 
943 |g Biblioteca Nacional de Antropología e Historia. Fondo Conventual 
999 |c 1039952  |d 1039952